Vladimir Putin : Đường tới điện Kremli

Sách giới thiệu tiểu sử, sự nghiệp hoạt động của tổng thống Nga Putin và tình hình chính trị sôi động của nước Nga trong thời gian ông chuẩn bị lên cầm quyền

Enregistré dans:
Détails bibliographiques
Auteur principal: Hồng, Thanh Quang
Format: Livre
Langue:Undetermined
Publié: Hà Nội Công an nhân dân 2001
Sujets:
Tags: Ajouter un tag
Pas de tags, Soyez le premier à ajouter un tag!
Thư viện lưu trữ: Trung tâm Học liệu Trường Đại học Cần Thơ
LEADER 00856nam a2200229Ia 4500
001 CTU_41620
008 210402s9999 xx 000 0 und d
020 |c 18000 
082 |a 947.086092 
082 |b Qu106 
100 |a Hồng, Thanh Quang 
245 0 |a Vladimir Putin : 
245 0 |b Đường tới điện Kremli 
245 0 |c Hồng Thanh Quang 
260 |a Hà Nội 
260 |b Công an nhân dân 
260 |c 2001 
520 |a Sách giới thiệu tiểu sử, sự nghiệp hoạt động của tổng thống Nga Putin và tình hình chính trị sôi động của nước Nga trong thời gian ông chuẩn bị lên cầm quyền 
650 |a Pressidents 
650 |z Russia (Federation) 
904 |i H.Mai 
980 |a Trung tâm Học liệu Trường Đại học Cần Thơ